MARC details
| 000 -CABECERA |
| campo de control de longitud fija |
01205nam a2200301 a 4500 |
| 005 - FECHA Y HORA DE LA ÚLTIMA TRANSACCIÓN |
| campo de control |
20250405063830.0 |
| 008 - ELEMENTOS DE LONGITUD FIJA--INFORMACIÓN GENERAL |
| campo de control de longitud fija |
991125s1979 mx 000 0 spa u |
| 020 ## - NÚMERO INTERNACIONAL NORMALIZADO PARA LIBROS |
| Número Internacional Estándar del Libro |
9682913888 |
| 035 ## - NÚMERO DE CONTROL DEL SISTEMA |
| Número de control de sistema |
UPN01000004514 |
| 049 ## - COLECCIÓN |
| Colección |
I |
| 050 #4 - SIGNATURA TOPOGRÁFICA DE LA BIBLIOTECA DEL CONGRESO |
| Número de clasificación |
HQ774 |
| Número de documento/Ítem |
L3.7 |
| 100 1# - ASIENTO PRINCIPAL--NOMBRE PERSONAL |
| Nombre de persona |
La Belle, María Margarita |
| 9 (RLIN) |
40146 |
| 245 10 - MENCIÓN DE TÍTULO |
| Título |
Tu salud / |
| Mención de responsabilidad, etc. |
Ma. Margarita La Belle ; il. Perla Broid. |
| 260 ## - PUBLICACIÓN, DISTRIBUCIÓN, ETC. |
| Lugar de publicación, distribución, etc. |
México : |
| Nombre del editor, distribuidor, etc. |
Salvat : |
| -- |
SEP, Consejo Nacional de Fomento Educativo, |
| Fecha de publicación, distribución, etc. |
1979. |
| 300 ## - DESCRIPCIÓN FÍSICA |
| Extensión |
80 p. : |
| Otras características físicas |
il. col. |
| 440 #0 - MENCIÓN DE SERIE/ASIENTO SECUNDARIO--TÍTULO |
| Título |
Colibrí. |
| Nombre de parte o sección de la obra |
Arte, ciencia y técnica ; |
| Designación de volumen o secuencia |
2 |
| 440 #0 - MENCIÓN DE SERIE/ASIENTO SECUNDARIO--TÍTULO |
| Título |
Libros del rincón |
| 501 ## - NOTA DE "CON" |
| Nota de “Con” |
Con: Los seis tesoros / Patrick Goldsmith ; il. Luis Hernández -- ¡Qué rico! / texto e il. Alberto Beltrán -- El país de la matemáticas / Ma. Margarita La Belle ; il. Leonor Salazar -- Más inventos / Rodrigo Quijada ; il. José Palomo |
| 650 #4 - ASIENTO SECUNDARIO DE MATERIA - TERMINO TEMATICO |
| Término de materia o nombre geográfico como elemento de entrada |
SALUD - |
| Subdivisión de forma |
LITERATURA INFANTIL |
| 9 (RLIN) |
24646 |
| 740 4# - ASIENTO SECUNDARIO - TÍTULOS RELACIONADOS /ANALITICOS NO CONTROLADOS |
| Título relacionado o analítico no controlado |
Los seis tesoros |
| 740 1# - ASIENTO SECUNDARIO - TÍTULOS RELACIONADOS /ANALITICOS NO CONTROLADOS |
| Título relacionado o analítico no controlado |
¡Qué rico! |
| 740 3# - ASIENTO SECUNDARIO - TÍTULOS RELACIONADOS /ANALITICOS NO CONTROLADOS |
| Título relacionado o analítico no controlado |
El país de la matemáticas |
| 740 0# - ASIENTO SECUNDARIO - TÍTULOS RELACIONADOS /ANALITICOS NO CONTROLADOS |
| Título relacionado o analítico no controlado |
Más inventos |
| 700 1# - ASIENTO SECUNDARIO--NOMBRE DE PERSONAL |
| Nombre de persona |
Goldsmith, Patrick, |
| Término indicativo de función/relación |
coaut. |
| 9 (RLIN) |
43074 |
| 700 1# - ASIENTO SECUNDARIO--NOMBRE DE PERSONAL |
| Nombre de persona |
Beltrán, Alberto, |
| Fechas asociadas al nombre |
1923-2002 |
| Término indicativo de función/relación |
coaut. |
| 9 (RLIN) |
41828 |
| 700 1# - ASIENTO SECUNDARIO--NOMBRE DE PERSONAL |
| Nombre de persona |
Quijada, Rodrigo, |
| Término indicativo de función/relación |
coaut. |
| 9 (RLIN) |
43075 |
| 905 ## - TIPO DE MATERIAL |
| Tipo de material |
Infantil |